000 00457nam a22001457a 4500
020 _a0071386246
040 _cNUST
082 _a621.381 ELE
100 _aJohn, H.Lau
_952198
110 _aWong c.P Ning,Cheng Lee Ricky, Lee S.W
_9114059
245 _aElectronics Manufacturing:
_bWith Lead Free, Halogen Free & Conductive- Adhesive Materials
260 _aAmerica
_bMcgraw Hill,
_c2003.
650 _aElectronics Manufacturing
_9114060
942 _2ddc
_cBK
999 _c595446
_d595446